[Event "Kuala Lumpur Merdeka rapid op"]
[Site "Kuala Lumpur"]
[Date "2019.09.01"]
[Round "1"]
[White "Khairil Aswan, Ahmad Zaeem Zhafran"]
[Black "Erowan, Masrin"]
[Result "1-0"]
[WhiteElo "1224"]
[BlackElo "2073"]
[PlyCount "115"]
[EventDate "2019.09.01"]
[EventType "swiss (rapid)"]
[EventRounds "7"]
[EventCountry "MAS"]
[SourceTitle "EXT 2020"]
[Source "ChessBase"]
[SourceDate "2019.10.17"]
[SourceVersion "1"]
[SourceVersionDate "2019.10.17"]
[SourceQuality "1"]

1. e4 Nf6 2. e5 Nd5 3. d4 d6 4. c4 Nb6 5. exd6 cxd6 6. Nc3 g6 7. Be2 Bg7 8. Nf3 0-0 9. 0-0 Nc6 10. h3 Nd7 11. Re1 Nf6 12. b3 d5 13. cxd5 Nxd5 14. Nxd5 Qxd5 15. Bc4 Qh5 16. Bb2 b5 17. Bd3 Bb7 18. Ne5 Qxd1 19. Raxd1 Nxe5 20. dxe5 a6 21. Ba3 Rfe8 22. Be4 Bxe4 23. Rxe4 Rad8 24. Rxd8 Rxd8 25. Bxe7 Rd1+ 26. Kh2 Rd2 27. Kg3 Rxa2 28. b4 Rb2 29. f4 Bf8 30. Bxf8 Kxf8 31. Rd4 Ke7 32. Rd6 Rxb4 33. Rxa6 h5 34. Rb6 Rb3+ 35. Kh4 Rb2 36. g4 hxg4 37. hxg4 b4 38. Kg5 b3 39. Rb7+ Ke6 40. Rb6+ Ke7 41. Rb7+ Ke6 42. Rb6+ Kd5 43. Rf6 Re2 44. Rxf7 b2 45. Rb7 Kc4 46. Kxg6 Re4 47. Rxb2 Rxf4 48. Kg5 Re4 49. Kf5 Re1 50. Rd2 Kc5 51. e6 Rf1+ 52. Kg6 Re1 53. Kf7 Rf1+ 54. Kg7 Re1 55. Kf7 Rf1+ 56. Ke7 Rg1 57. Kd8 Rxg4 58. e7 1-0

[Event "Kuala Lumpur Merdeka rapid op"]
[Site "Kuala Lumpur"]
[Date "2019.09.01"]
[Round "5"]
[White "Zairudin, Muhd Luqman Iskanda"]
[Black "Erowan, Masrin"]
[Result "0-1"]
[WhiteElo "1604"]
[BlackElo "2073"]
[PlyCount "51"]
[EventDate "2019.09.01"]
[EventType "swiss (rapid)"]
[EventRounds "7"]
[EventCountry "MAS"]
[SourceTitle "EXT 2020"]
[Source "ChessBase"]
[SourceDate "2019.10.17"]
[SourceVersion "1"]
[SourceVersionDate "2019.10.17"]
[SourceQuality "1"]

1. Nf3 Nf6 2. d4 e6 3. g3 c5 4. Bg2 cxd4 5. Nxd4 Nc6 6. c3 d5 7. 0-0 Be7 8. b3 0-0 9. Nd2 e5 10. Nxc6 bxc6 11. c4 Qc7 12. Qc2 d4 13. e3 Bb7 14. exd4 exd4 15. Nf3 c5 16. Re1 Rfe8 17. Bb2 Bc6 18. Ne5 Bxg2 19. Kxg2 Bd6 20. Nd3 Qb7+ 21. Kg1 Ne4 22. b4 Ng5 23. Rxe8+ Rxe8 24. h4 Nf3+ 25. Kf1 Nxh4 26. Qd1 0-1

[Event "Penang op 8th"]
[Site "Penang"]
[Date "2016.12.09"]
[Round "7"]
[White "Erowan, Masrin"]
[Black "Nisban, Cyrus"]
[Result "1-0"]
[WhiteElo "2003"]
[BlackElo "1674"]
[PlyCount "63"]
[EventDate "2016.12.05"]
[EventType "swiss"]
[EventRounds "9"]
[EventCountry "MAS"]
[SourceTitle "CBM 176 Extra"]
[Source "ChessBase"]
[SourceDate "2017.03.02"]
[SourceVersion "1"]
[SourceVersionDate "2017.03.02"]
[SourceQuality "1"]

1. d4 Nf6 2. c4 g6 3. Nc3 Bg7 4. e4 d6 5. Be2 0-0 6. Bg5 Nbd7 7. f4 c5 8. d5 a6 9. Bf3 Qc7 10. Qd2 Rb8 11. a4 Nb6 12. b3 e6 13. e5 Ne8 14. Ne4 f5 15. exf6 Nxf6 16. Nxf6+ Bxf6 17. Bxf6 Rxf6 18. a5 Na8 19. Ne2 Qf7 20. 0-0 Nc7 21. dxe6 Rxe6 22. f5 Rf6 23. fxg6 hxg6 24. Nc3 Bf5 25. Bd5 Be6 26. Ne4 Rxf1+ 27. Rxf1 Qe7 28. Nf6+ Kg7 29. Qc3 Kh6 30. g4 Rh8 31. g5+ Kg7 32. Bxe6 1-0

[Event "Kuala Lumpur op 5th"]
[Site "Kuala Lumpur"]
[Date "2008.08.23"]
[Round "9"]
[White "Erowan, Masrin"]
[Black "Yee, Soon Wei"]
[Result "1-0"]
[WhiteElo "2020"]
[BlackElo "2278"]
[PlyCount "43"]
[EventDate "2008.08.18"]
[EventType "swiss"]
[EventRounds "11"]
[EventCountry "MAS"]
[SourceTitle "CBM 126 Extra"]
[Source "ChessBase"]
[SourceDate "2008.11.05"]
[SourceVersion "1"]
[SourceVersionDate "2008.11.05"]
[SourceQuality "1"]

1. Nc3 e5 2. e4 Bc5 3. Qh5 Nc6 4. Bc4 Qf6 5. Nf3 g6 6. Qg5 Qxg5 7. Nxg5 Nh6 8. Nd5 Bb6 9. Nxh7 Rxh7 10. Nf6+ Ke7 11. Nxh7 f6 12. d3 Ng4 13. h3 Nxf2 14. Rf1 d6 15. Bh6 Nb4 16. Kd2 Be6 17. Bxe6 Kxe6 18. Nf8+ Ke7 19. Nxg6+ Kf7 20. Nh4 d5 21. a3 Nc6 22. Be3 1-0

[Event "Kuala Lumpur op 5th"]
[Site "Kuala Lumpur"]
[Date "2008.08.23"]
[Round "10"]
[White "Wallis, Christopher"]
[Black "Erowan, Masrin"]
[Result "1-0"]
[WhiteElo "2235"]
[BlackElo "2020"]
[PlyCount "79"]
[EventDate "2008.08.18"]
[EventType "swiss"]
[EventRounds "11"]
[EventCountry "MAS"]
[SourceTitle "CBM 126 Extra"]
[Source "ChessBase"]
[SourceDate "2008.11.05"]
[SourceVersion "1"]
[SourceVersionDate "2008.11.05"]
[SourceQuality "1"]

1. e4 c6 2. d4 d5 3. Nd2 dxe4 4. Nxe4 Nd7 5. Ng5 Ngf6 6. Bd3 e6 7. N1f3 h6 8. Nxe6 fxe6 9. Bg6+ Ke7 10. 0-0 Qc7 11. Re1 Kd8 12. c4 Bd6 13. Ne5 Rf8 14. f4 b6 15. Qf3 Bb7 16. Qh3 Bc8 17. Qg3 Nb8 18. Be3 Na6 19. a3 c5 20. Rad1 Bd7 21. Qf3 Rc8 22. dxc5 Bxc5 23. b4 Bxe3+ 24. Rxe3 Ke7 25. f5 Nb8 26. Rde1 Rfd8 27. fxe6 Be8 28. Bf7 Bxf7 29. exf7 Kf8 30. Ng6+ Kxf7 31. Re7+ Kg8 32. Rxc7 Rxc7 33. Ne7+ Kh8 34. Nf5 Rf7 35. Re7 Rxe7 36. Nxe7 Re8 37. Nd5 Nh7 38. h4 Rf8 39. Qe4 Nc6 40. Nf4 1-0

[Event "Kuala Lumpur op 5th"]
[Site "Kuala Lumpur"]
[Date "2008.08.19"]
[Round "3"]
[White "Erowan, Masrin"]
[Black "Draup, Hj Abang Azman"]
[Result "1-0"]
[WhiteElo "2020"]
[BlackElo "1708"]
[PlyCount "85"]
[EventDate "2008.08.18"]
[EventType "swiss"]
[EventRounds "11"]
[EventCountry "MAS"]
[SourceTitle "CBM 126 Extra"]
[Source "ChessBase"]
[SourceDate "2008.11.05"]
[SourceVersion "1"]
[SourceVersionDate "2008.11.05"]
[SourceQuality "1"]

1. Nc3 f5 2. e4 e5 3. Bc4 Nf6 4. d3 Bb4 5. a3 Bxc3+ 6. bxc3 h6 7. Nf3 d6 8. 0-0 g5 9. Re1 f4 10. d4 Bg4 11. Rb1 Qc8 12. dxe5 dxe5 13. Qd3 Bxf3 14. gxf3 Ke7 15. a4 c5 16. Ba3 Nbd7 17. Red1 Qc7 18. Bd5 Rab8 19. c4 b6 20. Qf1 Nf8 21. Rb3 Ng6 22. a5 h5 23. Rdb1 Nd7 24. Qg2 Qd6 25. Qxg5+ Qf6 26. Qg2 Rh7 27. Kf1 Rg7 28. Qh3 Kd6 29. axb6 axb6 30. Ke2 h4 31. Bb2 Ne7 32. Rd1 Kc7 33. Ra3 Nc8 34. Be6 Nd6 35. Ra7+ Rb7 36. Rxb7+ Nxb7 37. Bxd7 Nd6 38. Be6 Re7 39. Bd5 Kb8 40. Ra1 Ra7 41. Rxa7 Kxa7 42. Qd7+ Kb8 43. Be6 1-0